000 00473 a2200169 4500
003 OSt
005 20231226100241.0
008 231226b |||||||| |||| 00| 0 eng d
020 _a8170551730
040 _coclc
082 _a891.433
_bBIS/R
100 _aBismillah, Abdul
_96127
245 _aRAIN BASERA /
_cAbdul Bismillah
260 _aNew Delhi:
_bVani Prakashan,
_c2001.
300 _a171p
942 _2ddc
_cBK
_h891.433
_iBIS/R
_k891.433
_mBIS/R
999 _c43571
_d43571